| 000 | 01099cam a22003373a 4500 | ||
|---|---|---|---|
| 001 | 14669243 | ||
| 003 | OSt | ||
| 005 | 20170301104620.0 | ||
| 008 | 810921s1981 nyu 000 1 eng d | ||
| 010 | _a 8166665 | ||
| 020 |
_a034529369X : _c$2.50 |
||
| 035 | _a(OCoLC)ocm07779152 | ||
| 035 | _a(OCoLC)7779152 | ||
| 040 |
_aVVR _cVVR _dBGU _dOCLCQ _dBTCTA _dDLC |
||
| 042 | _alccopycat | ||
| 050 | 0 | 0 | _aCPB Box no. 2513 vol. 17 |
| 100 | 1 | _aChalker, Jack L. | |
| 245 | 1 | 0 |
_aLilith : _ba snake in the grass / _cJack L. Chalker. |
| 250 | _a1st ed. | ||
| 260 |
_aNew York : _bBallantine Books, _c1981. |
||
| 300 |
_av, 248, [1] p. ; _c18 cm. |
||
| 490 | 0 | _aDel Rey science fiction | |
| 490 | 1 |
_aThe four lords of the Diamond / Jack L. Chalker ; _vbk. 1 |
|
| 500 | _a"A Del Rey book." | ||
| 655 | 7 |
_aScience fiction. _2gsafd |
|
| 710 | 2 |
_aCopyright Paperback Collection (Library of Congress) _5DLC |
|
| 800 | 1 |
_aChalker, Jack L. _tFour lords of the Diamond ; _vbk. 1. |
|
| 906 |
_a7 _bcbc _ccopycat _d2 _encip _f20 _gy-genrareb |
||
| 942 |
_2lcc _cBK |
||
| 999 |
_c255850 _d255849 |
||